Ciencia para pasar el invierno / (Registro nro. 32470)
[ vista simple ]
| 000 -CABECERA | |
|---|---|
| campo fijo de control de longitud | 02025cam a2200361 a 4500 |
| 001 - NÚMERO DE CONTROL | |
| campo de control | 32470 |
| 003 - IDENTIFICADOR DEL NÚMERO DE CONTROL | |
| campo de control | AR-RoBPED |
| 005 - FECHA Y HORADE LA ULTIMA TRANSACCION | |
| campo de control | 20260330084605.0 |
| 007 - | |
| campo fijo de control de longitud | ta |
| 008 - ELEMENTOS DE LONGITUD FIJA--INFORMACION GENERAL | |
| campo fijo de control de longitud | 160803s2016 ag a br 001 0 spa |
| 020 ## - ISBN | |
| ISBN | 9789871217892 |
| 040 ## - FUENTE CATALOGADORA | |
| Centro catalogador/agencia de origen | AR-BaBN |
| Convenciones de descripción | aacr |
| 041 ## - IDIOMA | |
| Código de idioma para texto/pista de sonido o título independiente | spa |
| 100 1# - ENCABEZAMIENTO PRINCIPAL--AUTOR PERSONAL | |
| Nombre de persona | Edelsztein, Valeria |
| Función | autora |
| Relator code | aut |
| Fechas nac-muerte | 1982- |
| 245 10 - TITULO | |
| Título | Ciencia para pasar el invierno / |
| Mención de responsabilidad | Valeria Edelsztein ; ilustraciones de Javier Reboursin. |
| 260 ## - PUBLICACION | |
| Lugar | Buenos Aires : |
| Editor | Iamiqué, |
| Fecha | 2021. |
| 300 ## - DESCRIPCION FISICA | |
| Extensión | 47 p. : |
| Otros detalles físicos | il. col. ; |
| Dimensiones | 21 cm. |
| 490 1# - SERIE | |
| Mención de serie | (Ciencia todo el año) |
| 500 ## - NOTA GENERAL | |
| Nota general | Se utiliza con la Estación de Lectura Invierno. |
| 505 0# - NOTA DE CONTENIDO | |
| Contenido | ¿Cómo sabés que llegó el invierno? -- ¿Cómo sabe tu cuerpo que hace frío? -- ¿Cómo reacciona tu cuerpo frente al frío? -- ¿Por qué el frío te da ganas de hacer pis? -- ¿Por qué se te pone la piel de gallina? -- ¿Por qué tiritas? -- ¿Por qué se te pone roja la nariz? -- ¿Los mocos son buenos o malos? -- ¿Por qué a veces los mocos son verdes? -- ¿Por qué te enfermas más en invierno? -- ¿Qué tiene que ver la gripe con el frío? -- ¿Por qué los alimentos se conservan mejor en el frío? -- ¿Hasta qué valor se puede enfriar algo? -- ¿El frío puede quemar? -- ¿Por qué ves tu propio aliento? -- ¿De dónde sale la escarcha? -- ¿Cómo se forma la nieve? -- ¿Cómo se puede caminar en la nieve? -- ¿Por qué se les echa sal a los caminos? -- ¿Cómo sobreviven los animales que hibernan? -- ¿Todos los animales resisten el frío? |
| 521 1# - NIVEL | |
| Nivel de la audiencia | Edad sugerida a partir de 8 años. |
| 650 #4 - TERMINO DE MATERIA--CONTROLADO | |
| Término controlado | ESTACIONES DEL AÑO |
| 9 (RLIN) | 10163 |
| Término controlado | DIVULGACION CIENTIFICA |
| 9 (RLIN) | 19556 |
| Término controlado | CIENCIAS DE LA VIDA |
| 9 (RLIN) | 10137 |
| Término controlado | FRIO |
| 9 (RLIN) | 13743 |
| Término controlado | NIEVE |
| 9 (RLIN) | 16279 |
| Término controlado | HIBERNACION |
| 9 (RLIN) | 16790 |
| Término controlado | MIGRACION ANIMAL |
| 9 (RLIN) | 5538 |
| 653 ## - Término no controlado | |
| Término propuesto | MOCOS |
| 700 1# - ENCABEZAMIENTO SECUNDARIO--AUTOR PERSONAL | |
| Nombre de persona | Reboursin, Javier |
| Fecha de nac-muerte | 1984- |
| Función | il. |
| 9 (RLIN) | 30661 |
| 942 ## - ELEMENTOS KOHA | |
| Fuente de clasificación | Universal Decimal Classification |
| Koha tipo de ítem | Libro |
| Clasificación | 613.13 |
| Pre signatura | I |
| Signatura librística | E 23 |
| Inventario | Inv. 42328 |
| Número Koha | k. 32470 |
| 945 ## - PROCESAMIENTO DE LA INFORMACIÓN LOCAL | |
| Catalogador y fecha | mev 27/03/2026 - cd 30/03/2026 |
| Estado retirado | Estado perdido | Fuente de clasificación | Estado dañado | No se presta | Biblioteca propietaria | Biblioteca de reserva | Fecha de adquisición | Procedencia | Total de préstamos | Signatura topográfica completa | Código de barras (nº de inventario) | Fecha visto por última vez | Catalogador y fecha | Tipo de ítem Koha | Nota pública |
|---|---|---|---|---|---|---|---|---|---|---|---|---|---|---|---|
| Universal Decimal Classification | Biblioteca Pedagógica Eudoro Díaz | Biblioteca Pedagógica Eudoro Díaz | 27/03/2026 | Compra | I 613.13 E 23 | 42328 | 27/03/2026 | mev 27/03/2026 | Libro | Se presta con la Estación de Lectura Invierno. |